| 000 -LEADER | |
|---|---|
| fixed length control field | 00484nam a22001817a 4500 |
| 005 - DATE AND TIME OF LATEST TRANSACTION | |
| control field | 20230403130914.0 |
| 008 - FIXED-LENGTH DATA ELEMENTS--GENERAL INFORMATION | |
| fixed length control field | 230328b |||||||| |||| 00| 0 eng d |
| 020 ## - INTERNATIONAL STANDARD BOOK NUMBER | |
| ISBN | 9788185731742 |
| 041 ## - LANGUAGE CODE | |
| Language code of text/sound track or separate title | eng |
| 082 ## - DEWEY DECIMAL CLASSIFICATION NUMBER | |
| Classification number | 615.6 VYA-C |
| 100 ## - MAIN ENTRY--AUTHOR NAME | |
| Personal name | VYAS, SURESH P. AND KHAR,ROOP K |
| 245 ## - TITLE STATEMENT | |
| Title | CONTROLLED DRUG DELIVERY CONCEPTS AND ADVANCES |
| 250 ## - EDITION STATEMENT | |
| Edition statement | 2nd ed. |
| 260 ## - PUBLICATION, DISTRIBUTION, ETC. (IMPRINT) | |
| Name of publisher | VALLABAH PRAKASHAN |
| Year of publication | 2012 |
| 300 ## - PHYSICAL DESCRIPTION | |
| Number of Pages | 664;P. |
| 650 ## - SUBJECT ADDED ENTRY--TOPICAL TERM | |
| Topical Term | PHARMACY |
| General subdivision | B. PHARMA |
| 942 ## - ADDED ENTRY ELEMENTS (KOHA) | |
| Koha item type | Books |
| Lost status | Damaged status | Collection code | Home library | Current library | Shelving location | Date acquired | Source of acquisition | Cost, normal purchase price | Full call number | Accession Number | Koha item type |
|---|---|---|---|---|---|---|---|---|---|---|---|
| Reference | JRU Library | JRU Library | SHELF-3-A | 23/03/2023 | LOHIA BOOK INTERNATIONAL | 840.00 | 615.6 VYA-C | 27549 | Books | ||
| PHARMACY | JRU Library | JRU Library | SHELF-19-B | 23/03/2023 | LOHIA BOOK INTERNATIONAL | 840.00 | 615.6 VYA-C | 27550 | Books | ||
| PHARMACY | JRU Library | JRU Library | SHELF-19-B | 23/03/2023 | LOHIA BOOK INTERNATIONAL | 840.00 | 615.6 VYA-C | 27551 | Books | ||
| PHARMACY | JRU Library | JRU Library | SHELF-19-B | 23/03/2023 | LOHIA BOOK INTERNATIONAL | 840.00 | 615.6 VYA-C | 27552 | Books | ||
| PHARMACY | JRU Library | JRU Library | SHELF-19-B | 23/03/2023 | LOHIA BOOK INTERNATIONAL | 840.00 | 615.6 VYA-C | 27553 | Books |